Person recognition in different age

Gespeichert in:
Bibliographische Detailangaben
1. Verfasser: Kytková, Emília (Verfasst von)
Weitere Verfasser: Oravec, Miloš (Betreuung Doktorarbeit)
Format: Manuskript Buch
Sprache:Slowakisch
Englisch
Veröffentlicht: 2019
Schlagworte:
Online-Zugang:http://is.stuba.sk/zp/portal_zp.pl?podrobnosti=143639
Tags: Tag hinzufügen
Keine Tags, Fügen Sie das erste Tag hinzu!

MARC

LEADER 00000ntm a22000003a 4500
001 stuzp72109
003 SK-STU
005 20190823110704.3
007 ta
008 150427s2015----xo-----f-mn---000-0-slo-d
040 |a STU  |b slo 
041 0 |a eng 
044 |a xo 
100 1 |a Kytková, Emília  |u 035000  |k Z4  |4 aut  |U FEI Fakulta elektrotechniky a informatiky  |T FEI Ústav informatiky a matematiky  |X 74644  |U E050  |Y 816  |7 74644 
242 0 1 |a Rozpoznávanie osôb v čase  |y slo 
245 1 0 |a Person recognition in different age 
260 |c 2019 
300 |a 46 s.,  |b DVD 
650 4 |a rozpoznávanie osôb  |2 slo 
650 4 |a veková rozdielnosť  |2 slo 
650 4 |a strojové učenie  |2 slo 
650 4 |a hlboké konvolučné siete  |2 slo 
650 4 |a FaceNet  |2 slo 
650 4 |a Dlib  |2 slo 
650 4 |a face recognition  |2 eng 
650 4 |a age-invariant  |2 eng 
650 4 |a machine learning  |2 eng 
650 4 |a deep convolutional networks  |2 eng 
650 4 |a FaceNet  |2 eng 
650 4 |a Dlib  |2 eng 
700 1 |a Oravec, Miloš  |u 035000  |k Z1  |4 ths  |U FEI Fakulta elektrotechniky a informatiky  |T FEI Ústav informatiky a matematiky  |X 2036  |U E050  |Y 816  |7 A000002036 
856 4 |u http://is.stuba.sk/zp/portal_zp.pl?podrobnosti=143639 
996 |b 284EP12353  |c E*DIPL- 12353  |l EE35  |s P  |a 0  |w stuzp72109_0001